<?xml version="1.0" encoding="UTF-8"?>
<record
    xmlns:xsi="http://www.w3.org/2001/XMLSchema-instance"
    xsi:schemaLocation="http://www.loc.gov/MARC21/slim http://www.loc.gov/standards/marcxml/schema/MARC21slim.xsd"
    xmlns="http://www.loc.gov/MARC21/slim">

  <leader>01093nam a2200229 a 4500</leader>
  <controlfield tag="001">1503</controlfield>
  <controlfield tag="003">BR-CuiBMT</controlfield>
  <controlfield tag="005">20231216201907.0</controlfield>
  <controlfield tag="008">231128s2007    mtba          000 0 por d</controlfield>
  <datafield tag="040" ind1=" " ind2=" ">
    <subfield code="a">BR-CuiBMT</subfield>
    <subfield code="c">BR-CuiBMT</subfield>
  </datafield>
  <datafield tag="080" ind1=" " ind2=" ">
    <subfield code="a">351.94:336.148</subfield>
    <subfield code="x">(817.2)</subfield>
    <subfield code="x">(047)</subfield>
    <subfield code="2">2007</subfield>
  </datafield>
  <datafield tag="090" ind1=" " ind2=" ">
    <subfield code="d">TCE/MT</subfield>
    <subfield code="a">351.94:336.148(817.2)(047)</subfield>
    <subfield code="b">M433r</subfield>
  </datafield>
  <datafield tag="110" ind1="1" ind2=" ">
    <subfield code="a">Mato Grosso.</subfield>
    <subfield code="b">Tribunal de Contas.</subfield>
  </datafield>
  <datafield tag="245" ind1="1" ind2="0">
    <subfield code="a">Resultados da gest&#xE3;o :</subfield>
    <subfield code="b">2006 - 2008 : construindo a excel&#xEA;ncia /</subfield>
    <subfield code="c">Tribunal de Contas do Estado de Mato Grosso ; Jos&#xE9; Carlos Novelli (conselheiro relator).</subfield>
  </datafield>
  <datafield tag="260" ind1=" " ind2=" ">
    <subfield code="a">Cuiab&#xE1; :</subfield>
    <subfield code="b">TCE-MT,</subfield>
    <subfield code="c">2007.</subfield>
  </datafield>
  <datafield tag="300" ind1=" " ind2=" ">
    <subfield code="a">5 v. ;</subfield>
    <subfield code="b">il. color. ;</subfield>
    <subfield code="c">30 cm</subfield>
  </datafield>
  <datafield tag="505" ind1="0" ind2=" ">
    <subfield code="a">v. 1. Planejamento -- v. 2. Pesquisa FIA/USP 2006 -- v. 3. Pesquisa FIA/USP 2007 -- v. 4.  Programa Nacional de Gest&#xE3;o P&#xFA;blica e Desburocratiza&#xE7;&#xE3;o - GESP&#xDA;BLICA -- v. 5. Legisla&#xE7;&#xE3;o - Termos de coopera&#xE7;&#xE3;o t&#xE9;cnica.</subfield>
  </datafield>
  <datafield tag="650" ind1=" " ind2=" ">
    <subfield code="a">Controle externo</subfield>
    <subfield code="v">Or&#xE7;amento</subfield>
    <subfield code="z">Mato Grosso</subfield>
  </datafield>
  <datafield tag="650" ind1=" " ind2=" ">
    <subfield code="a">Contas governamentais</subfield>
    <subfield code="x">Relat&#xF3;rios e pareceres </subfield>
    <subfield code="z">Mato Grosso</subfield>
  </datafield>
  <datafield tag="650" ind1=" " ind2=" ">
    <subfield code="a">Presta&#xE7;&#xE3;o de contas</subfield>
    <subfield code="x">Relat&#xF3;rios</subfield>
    <subfield code="z">Mato Grosso</subfield>
  </datafield>
  <datafield tag="942" ind1=" " ind2=" ">
    <subfield code="2">udc</subfield>
    <subfield code="c">LV</subfield>
  </datafield>
  <datafield tag="952" ind1=" " ind2=" ">
    <subfield code="0">0</subfield>
    <subfield code="1">0</subfield>
    <subfield code="2">udc</subfield>
    <subfield code="4">0</subfield>
    <subfield code="7">0</subfield>
    <subfield code="a">BIBTCEMT</subfield>
    <subfield code="b">BIBTCEMT</subfield>
    <subfield code="d">2023-12-12</subfield>
    <subfield code="h">v. 1</subfield>
    <subfield code="l">0</subfield>
    <subfield code="o">TCE/MT 351.94:336.148(817.2)(047) T822r</subfield>
    <subfield code="p">BIBTCEMT23120414</subfield>
    <subfield code="r">2023-12-12</subfield>
    <subfield code="t">Ex. 1</subfield>
    <subfield code="w">2023-12-12</subfield>
    <subfield code="y">LV</subfield>
  </datafield>
  <datafield tag="952" ind1=" " ind2=" ">
    <subfield code="0">0</subfield>
    <subfield code="1">0</subfield>
    <subfield code="2">udc</subfield>
    <subfield code="4">0</subfield>
    <subfield code="7">0</subfield>
    <subfield code="a">BIBTCEMT</subfield>
    <subfield code="b">BIBTCEMT</subfield>
    <subfield code="d">2023-12-12</subfield>
    <subfield code="h">v. 2</subfield>
    <subfield code="l">0</subfield>
    <subfield code="o">TCE/MT 351.94:336.148(817.2)(047) T822r</subfield>
    <subfield code="p">BIBTCEMT23120415</subfield>
    <subfield code="r">2023-12-12</subfield>
    <subfield code="t">Ex. 1</subfield>
    <subfield code="w">2023-12-12</subfield>
    <subfield code="y">LV</subfield>
  </datafield>
  <datafield tag="952" ind1=" " ind2=" ">
    <subfield code="0">0</subfield>
    <subfield code="1">0</subfield>
    <subfield code="2">udc</subfield>
    <subfield code="4">0</subfield>
    <subfield code="7">0</subfield>
    <subfield code="a">BIBTCEMT</subfield>
    <subfield code="b">BIBTCEMT</subfield>
    <subfield code="d">2023-12-12</subfield>
    <subfield code="h">v. 3</subfield>
    <subfield code="l">0</subfield>
    <subfield code="o">TCE/MT 351.94:336.148(817.2)(047) T822r</subfield>
    <subfield code="p">BIBTCEMT23120416</subfield>
    <subfield code="r">2023-12-12</subfield>
    <subfield code="t">Ex. 1</subfield>
    <subfield code="w">2023-12-12</subfield>
    <subfield code="y">LV</subfield>
  </datafield>
  <datafield tag="952" ind1=" " ind2=" ">
    <subfield code="0">0</subfield>
    <subfield code="1">0</subfield>
    <subfield code="2">udc</subfield>
    <subfield code="4">0</subfield>
    <subfield code="7">0</subfield>
    <subfield code="a">BIBTCEMT</subfield>
    <subfield code="b">BIBTCEMT</subfield>
    <subfield code="d">2023-12-12</subfield>
    <subfield code="h">v. 4</subfield>
    <subfield code="l">0</subfield>
    <subfield code="o">TCE/MT 351.94:336.148(817.2)(047) T822r</subfield>
    <subfield code="p">BIBTCEMT23120417</subfield>
    <subfield code="r">2023-12-12</subfield>
    <subfield code="t">Ex. 1</subfield>
    <subfield code="w">2023-12-12</subfield>
    <subfield code="y">LV</subfield>
  </datafield>
  <datafield tag="952" ind1=" " ind2=" ">
    <subfield code="0">0</subfield>
    <subfield code="1">0</subfield>
    <subfield code="2">udc</subfield>
    <subfield code="4">0</subfield>
    <subfield code="7">0</subfield>
    <subfield code="a">BIBTCEMT</subfield>
    <subfield code="b">BIBTCEMT</subfield>
    <subfield code="d">2023-12-12</subfield>
    <subfield code="h">v. 5</subfield>
    <subfield code="l">0</subfield>
    <subfield code="o">TCE/MT 351.94:336.148(817.2)(047) T822r</subfield>
    <subfield code="p">BIBTCEMT23120418</subfield>
    <subfield code="r">2023-12-12</subfield>
    <subfield code="t">Ex. 1</subfield>
    <subfield code="w">2023-12-12</subfield>
    <subfield code="y">LV</subfield>
  </datafield>
  <datafield tag="999" ind1=" " ind2=" ">
    <subfield code="c">1503</subfield>
    <subfield code="d">1503</subfield>
  </datafield>
</record>
